[Event "FRA-ch op-B"]
[Site "Agen"]
[Date "2016.??.??"]
[Round "3"]
[White "Budak, Rewi"]
[Black "Ulles, Jean Clement"]
[Result "1-0"]
[WhiteElo "1969"]
[BlackElo "1896"]
[PlyCount "67"]
[EventDate "2016.08.12"]
[EventType "swiss"]
[EventRounds "9"]
[EventCountry "FRA"]
[SourceTitle "EXT 2017"]
[Source "ChessBase"]
[SourceDate "2016.10.25"]
[SourceVersion "1"]
[SourceVersionDate "2016.10.25"]
[SourceQuality "1"]

1. e4 e6 2. d4 d5 3. exd5 exd5 4. Bd3 Bd6 5. Nf3 Nf6 6. 0-0 0-0 7. Bg5 Bg4 8. Nbd2 c6 9. c3 Nbd7 10. Qc2 Bh5 11. Bxh7+ Kh8 12. Bf5 Bxf3 13. Nxf3 Qc7 14. Rfe1 Rae8 15. Bxd7 Qxd7 16. Bxf6 gxf6 17. Qd2 Kg7 18. h3 Qf5 19. Rxe8 Rxe8 20. Re1 Bf4 21. Qd1 Rh8 22. Qb1 Qh5 23. Nh2 Rh6 24. Qd3 Rg6 25. Nf1 Qg5 26. Qf3 Bc1 27. Re2 Bf4 28. Ne3 Bxe3 29. Rxe3 Kf8 30. Qg3 Qf5 31. Qb8+ Kg7 32. Re8 Qb1+ 33. Kh2 Qxb2 34. h4 1-0